00000000cam 2200000zi 4500
0019.960783
003CaOODSP
00520260601145634
006m     o  d f      
007cr cn ||||||||
008260310t202603##onca    o    f000 0 fre d
020 |a9780660988863
040 |aCaOODSP|bfre|erda|cCaOODSP
043 |an-cn---
0861 |aH14-679/2026F-PDF
24500|aÉvaluation de concepts pour une campagne marketing d'un événement expérienciel en personne sur la cessation du tabac.
264 1|aOttawa (Ontario) : |bSanté Canada = Health Canada, |cmars 2026.
264 4|c©2026
300 |a1 ressource en ligne (80 pages) : |billustrations
336 |atexte|btxt|2rdacontent/fre
337 |ainformatique|bc|2rdamedia/fre
338 |aressource en ligne|bcr|2rdacarrier/fre
500 |aPublié aussi en anglais sous le titre : Evaluation of concepts for a tobacco cessation in-person event : experiential marketing campaign.
500 |a« Fournisseur : Le groupe-conseil Quorus Inc. »
500 |a« Numéro de contrat : CW2424489. »
500 |a« Numéro de ROP : 044-25. »
650 6|aPublicité d'État|zCanada|xÉvaluation.
650 6|aTabagisme|xTraitement|zCanada|xÉvaluation.
650 6|aTabagisme|zCanada|xPrévention.
7101 |aCanada. |bSanté Canada, |eorganisme de publication.
7102 |aGroupe conseil Quorus, |econsultant.
77508|tEvaluation of concepts for a tobacco cessation in-person event : |w(CaOODSP)9.960784
85640|qPDF|s2.85 Mo|uhttps://publications.gc.ca/collections/collection_2026/sc-hc/H14-679-2026-fra.pdf
8564 |qHTML|sS.O.|uhttps://epe.lac-bac.gc.ca/100/200/301/pwgsc-tpsgc/por-ef/health/2026/044-25-f/044-25_FR_Report.htm